000 00255nam a22001097a 4500
082 _a928 GHA'R
100 _aRUSSELL, RALPH
_976442
245 _aGHALIB 1797-1869 LIFE AND LETTERS
260 _aLONDON
_bGEORGE ALLEN
_c1969
300 _aVOL-1
942 _cBK
999 _c581841
_d581841